| 000 | 00582nam a22001817a 4500 | ||
|---|---|---|---|
| 005 | 20140828120737.0 | ||
| 010 | _aENG-110406 | ||
| 020 |
_a9789382536574 _c240.00 |
||
| 035 | _aEN-93938 | ||
| 037 | _bDBAD/PUB | ||
| 082 | _aN | ||
| 100 | _aGupta, Sayantan | ||
| 245 |
_aThe flames burnt dark : _bthe tale of the Aryasura / _cby Sayantan Gupta ; foreworded by Nirmal Kanti Bhattacharjee |
||
| 260 |
_aNew Delhi _bLiFi Publications _c2014 |
||
| 270 |
_a211, 2nd Floor, gagandeep 12 Rajendra Place _bNew Delhi _e110008 |
||
| 300 |
_axvii,254p. _c21cm(pbk) |
||
| 942 |
_2ddc _cEN _hN _mGUP |
||
| 999 |
_c88013 _d88013 |
||